| 000 | 00510cam a2200205ua 4500 | ||
|---|---|---|---|
| 020 | _cRs 10.50 | ||
| 041 |
_aeng _h |
||
| 082 |
_a954.03 _bMAH/BR |
||
| 100 | _aMahajan, V D . | ||
| 245 |
_aBritish rule in India and after / _cV D Mahajan. _hTextual Documents |
||
| 250 |
_a6 / _b. |
||
| 260 |
_aNew Delhi : _bS.Chand and Co , _c1964. |
||
| 300 | _a659 ; . | ||
| 365 | _aRs 10.50 | ||
| 504 | _a | ||
| 700 | 1 | _aSavithri, Mahajan . | |
| 942 | _cBK | ||
| 999 |
_c263 _d263 |
||